30 Facts That Start with 'P' Quiz Stats

Quiz Updated Nov 7, 2017

Challenge
Share
Tweet
Embed
Score 0/30 Timer 05:00
16 Plays Today
Question Answer % Correct
Who became President of Russia for the second time in May 2012?Putin (Vladimir)
93.3%
What is the main unit of currency of Mexico?Peso
90.7%
K is the chemical symbol for which element?Potassium
89.9%
Which pop star released the album 'One of the Boys' featuring the songs 'I Kissed A Girl' and 'Hot N Cold'?Perry (Katy)
88.9%
What name is given to a harmless pill, used as a control when testing new drugs?Placebo
88.2%
2, 3, 5, 7 and 11 are the first five of what sequence of numbers?Prime Numbers
86.7%
Jack Sparrow, Will Turner and Elizabeth Swann are characters in what film franchise?Pirates of the Caribbean
85.7%
On December 1st 1955, which woman refused to give up her seat on a Montgomery bus to a white passenger?Parks (Rosa)
85.1%
Edson Arantes do Nascimento was the real name of which legendary soccer/football player?Pelé
82.3%
Which winged horse of Greek myth sprung from the blood of the slain Gorgon Medusa?Pegasus
81.2%
What term refers to an uncontrollable urge to start fires?Pyromania
80.5%
Islamabad is the capital city of what country?Pakistan
80%
What is the astrological sign of a person born on February 22nd?Pisces
79.6%
'Emperor', 'Macaroni' and 'Rockhopper' are species of which bird?Penguin
79.4%
Which Native American woman married John Rolfe in 1614?Pocahontas
77.2%
Question Answer % Correct
'All children, except one, grow up.' is the first line of what classic children's novel?Peter Pan
76.9%
What luxury car manufacturer makes the Boxster model?Porsche
74.7%
In what Quentin Tarantino film does John Travolta play Vincent Vega?Pulp Fiction
74.6%
Which city, along with Herculaneum, was destroyed when Mount Vesuvius erupted in 79 A.D.?Pompeii
73.5%
What is the largest city and state capital of Arizona?Phoenix
73.3%
Which electric-type Pokémon is Ash's companion in the original anime series?Pikachu
69.1%
By what canine name is American rapper and songwriter Armando Pérez better known?Pitbull
64.5%
Who painted the 1937 work 'Guernica'?Picasso (Pablo)
63.4%
What was the surname of the woman who the musical 'Evita' is based on?Perón
60.4%
In 1993, who won the Oscar for Best Actor for his role in 'Scent of a Woman'?Pacino (Al)
56.3%
What 20th century physical exercise system is named after its German founder Joseph?Pilates
53.8%
'La Bohème', 'Tosca' and 'Madame Butterfly' are operas by which Italian composer?Puccini (Giacomo)
45.9%
Which fruit gets its name from the Latin for 'seeded apple'?Pomegranate
44.3%
Who served as the 65th U.S. Secretary of State, between 2001 and 2005?Powell (Colin)
35%
What chemical element, atomic number 46, shares its name with a famous London theatre?Palladium
29.7%

You're not logged in!

Compare scores with friends on all Sporcle quizzes.
Sign Up with Email
OR
Log In

You Might Also Like...

Show Comments

Extras

Top Quizzes Today


Score Distribution

Your Account Isn't Verified!

In order to create a playlist on Sporcle, you need to verify the email address you used during registration. Go to your Sporcle Settings to finish the process.